Tribhuvan University Central Library

सद्धर्म: (Record no. 118425)

MARC details
000 -LEADER
fixed length control field 00769nam a22001937a 4500
008 - FIXED-LENGTH DATA ELEMENTS--GENERAL INFORMATION
fixed length control field 241212b |||||||| |||| 00| 0 eng d
020 ## - INTERNATIONAL STANDARD BOOK NUMBER
International Standard Book Number 9789937024990
041 ## - LANGUAGE CODE
Language code of original Nep.
082 ## - DEWEY DECIMAL CLASSIFICATION NUMBER
Edition number 23rd.
Classification number Ne294.3/B331s
100 ## - MAIN ENTRY--PERSONAL NAME
Personal name बज्रचार्य, महीश्वरराज
241 ## - ROMANIZED TITLE (BK AM CF MP MU VM)
Romanized title Saddharma : katha sanghara/Maheshworraj Bajracharya
245 ## - TITLE STATEMENT
Title सद्धर्म:
Remainder of title कथा सङ्ग्रह भाग-दुई /
Statement of responsibility, etc. महीश्वरराज बज्रचार्य.
260 ## - PUBLICATION, DISTRIBUTION, ETC.
Place of publication, distribution, etc. काठमाण्डौँ:
Name of publisher, distributor, etc. सजिव बज्रचार्य,
Date of publication, distribution, etc. २०७४वि.
300 ## - PHYSICAL DESCRIPTION
Extent ठ.,९८पृ.
650 ## - SUBJECT ADDED ENTRY--TOPICAL TERM
Topical term or geographic name entry element बुद्ध धर्म
650 ## - SUBJECT ADDED ENTRY--TOPICAL TERM
Topical term or geographic name entry element Buddhism
650 ## - SUBJECT ADDED ENTRY--TOPICAL TERM
Topical term or geographic name entry element धर्म
942 ## - ADDED ENTRY ELEMENTS (KOHA)
Source of classification or shelving scheme Dewey Decimal Classification
Koha item type ISBN
Holdings
Withdrawn status Lost status Source of classification or shelving scheme Damaged status Not for loan Home library Current library Date acquired Total Checkouts Full call number Barcode Date last seen Price effective from Koha item type
    Dewey Decimal Classification     Tribhuvan University Central Library Tribhuvan University Central Library 12/12/2024   Ne294.3/2074 IS27246 12/12/2024 12/12/2024 ISBN
    Dewey Decimal Classification     Tribhuvan University Central Library Tribhuvan University Central Library 12/12/2024   Ne294.3/2074 IS27245 12/12/2024 12/12/2024 ISBN